Re-imaging nature (Record no. 137173)

MARC details
000 -LEADER
fixed length control field 00817nam a2200253Ia 4500
003 - CONTROL NUMBER IDENTIFIER
control field OSt
005 - DATE AND TIME OF LATEST TRANSACTION
control field 20220918171009.0
008 - FIXED-LENGTH DATA ELEMENTS--GENERAL INFORMATION
fixed length control field 220917b |||||||| |||| 00| 0 eng d
020 ## - INTERNATIONAL STANDARD BOOK NUMBER
International Standard Book Number 9781119046356 (pbk)
037 ## - SOURCE OF ACQUISITION
Terms of availability Textual
040 ## - CATALOGING SOURCE
Original cataloging agency ARTS
Transcribing agency ARTS
Language of cataloging eng
041 ## - LANGUAGE CODE
Source of code eng
Language code of text/sound track or separate title eng
100 ## - MAIN ENTRY--PERSONAL NAME
Personal name McGrath Alister E. Au.
9 (RLIN) 32983
245 #0 - TITLE STATEMENT
Title Re-imaging nature
Remainder of title promise of a christian natural theology
260 ## - PUBLICATION, DISTRIBUTION, ETC.
Place of publication, distribution, etc. West Sussax
Name of publisher, distributor, etc. John Wiley and Sons UK
Date of publication, distribution, etc. 2017
300 ## - PHYSICAL DESCRIPTION
Extent vi,249p.
Dimensions cm.
650 ## - SUBJECT ADDED ENTRY--TOPICAL TERM
Topical term or geographic name entry element CHRISTIANITY; THEOLOGY
9 (RLIN) 32984
942 ## - ADDED ENTRY ELEMENTS (KOHA)
Classification part Q6:3, Q7
Koha item type Textual
Source of classification or shelving scheme Colon Classification (CC)
Holdings
Withdrawn status Lost status Damaged status Not for loan Home library Current library Date acquired Source of acquisition Total Checkouts Full call number Barcode Date last seen Price effective from Koha item type
        Arts Library Arts Library 2022-09-18 1314, 06/03/2017, Bright Book Service   Q6:3 Q7 AL1630433 2022-09-18 2022-09-18 Textual
Copyright @ Delhi University Library System